00798 a2200205 4500003000500000005001700005010001700022020001500039040000900054082001100063100002700074245012100101250001200222260008600234300002900320505016200349538003000511651003300541700001800574Nust20170207153457.0 a 2005307287 a0975586017 cNust a954.911 aKhan, Sahabzada Yaqub.10aStrategy, diplomacy, humanity :blife and work of Sahabzada Yaqub-Khan /ccompiled, edited, introduced by Anwar Dil. a1st ed. aIslamabad ; San Diego :bInternational Forum Takshila Research University,c2005. a396 p. :bill. ;c27 cm. aPart 1:- Selected Writings and Addresses by Shahabazda Yaqub Khan (Page-57) Part 2:- Supplementary Writings Life and Work of Shahabazda Yaqub Khan (Page-263) aAlmirah No.63 Shelf No.2 0aPakistanxForeign relations.1 aDil, Anwar S.